El arte de la carrocería en Nueva España : (Registro nro. 254989)

Detalles MARC
000 -LEADER
fixed length control field 02506nam a2200553Ii 4500
001 - CONTROL NUMBER
control field DIGCSIC0491
003 - CONTROL NUMBER IDENTIFIER
control field NyNyDIG
008 - FIXED-LENGTH DATA ELEMENTS--GENERAL INFORMATION
fixed length control field 190417s2018 sp o 000 0 spa d
006 - FIXED-LENGTH DATA ELEMENTS--ADDITIONAL MATERIAL CHARACTERISTICS
fixed length control field m o d
007 - PHYSICAL DESCRIPTION FIXED FIELD--GENERAL INFORMATION
fixed length control field cr |||||||||||
035 ## - SYSTEM CONTROL NUMBER
System control number (OCoLC)1098225715
040 ## - CATALOGING SOURCE
Original cataloging agency DGITA
Language of cataloging eng
Description conventions rda
-- pn
Transcribing agency DGITA
020 ## - INTERNATIONAL STANDARD BOOK NUMBER
International Standard Book Number 9788400103842
Qualifying information (eBook ;
-- pdf)
020 ## - INTERNATIONAL STANDARD BOOK NUMBER
International Standard Book Number 840010384X
Qualifying information (eBook ;
-- pdf)
020 ## - INTERNATIONAL STANDARD BOOK NUMBER
Canceled/invalid ISBN 9788400103811
Qualifying information (Consejo Superior de Investigaciones Científicas)
020 ## - INTERNATIONAL STANDARD BOOK NUMBER
Canceled/invalid ISBN 8400103815
Qualifying information (Consejo Superior de Investigaciones Científicas)
020 ## - INTERNATIONAL STANDARD BOOK NUMBER
Canceled/invalid ISBN 9788447228188
Qualifying information (Universidad de Sevilla)
020 ## - INTERNATIONAL STANDARD BOOK NUMBER
Canceled/invalid ISBN 8447228185
Qualifying information (Universidad de Sevilla)
020 ## - INTERNATIONAL STANDARD BOOK NUMBER
Canceled/invalid ISBN 9788477984276
Qualifying information (Diputación de Sevilla)
020 ## - INTERNATIONAL STANDARD BOOK NUMBER
Canceled/invalid ISBN 8477984271
Qualifying information (Diputación de Sevilla)
024 7# - OTHER STANDARD IDENTIFIER
Standard number or code 059-18-106-2
Qualifying information (e-NIPO)
Source of number or code nipo
024 7# - OTHER STANDARD IDENTIFIER
Canceled/invalid standard number or code 059-18-099-7
Source of number or code nipo
050 14 - LIBRARY OF CONGRESS CALL NUMBER
Classification number HE216.Z7 ebook
-- SF312 ebook
082 04 - DEWEY DECIMAL CLASSIFICATION NUMBER
Classification number 388.0972
-- 636.150972
100 1# - MAIN ENTRY--PERSONAL NAME
Personal name Recio Mir, Álvaro,
Relator term author.
245 13 - TITLE STATEMENT
Title El arte de la carrocería en Nueva España :
Remainder of title el gremio de la Ciudad de México, sus ordenanzas y la trascendencia social del coche /
Statement of responsibility, etc. Álvaro Recio Mir.
264 #1 - PRODUCTION, PUBLICATION, DISTRIBUTION, MANUFACTURE, AND COPYRIGHT NOTICE
Place of production, publication, distribution, manufacture Madrid :
Name of producer, publisher, distributor, manufacturer Consejo Superior de Investigaciones Científicas ;
Place of production, publication, distribution, manufacture Sevilla :
Name of producer, publisher, distributor, manufacturer Universidad de Sevilla :
-- Diputación de Sevilla,
Date of production, publication, distribution, manufacture, or copyright notice 2018.
300 ## - PHYSICAL DESCRIPTION
Extent 1 online resource.
336 ## - CONTENT TYPE
Content type term text
Source rdacontent
337 ## - MEDIA TYPE
Media type term computer
Media type code c
Source rdamedia
338 ## - CARRIER TYPE
Carrier type term online resource
Carrier type code cr
Source rdacarrier
347 ## - DIGITAL FILE CHARACTERISTICS
File type text file
Source rdaft
347 ## - DIGITAL FILE CHARACTERISTICS
Encoding format PDF
490 1# - SERIES STATEMENT
Series statement Colección Americana ;
Volume/sequential designation Núm. 65
490 1# - SERIES STATEMENT
Series statement Serie Nuestra América ;
Volume/sequential designation Núm. 43
588 0# - SOURCE OF DESCRIPTION NOTE
Source of description note Online resource; title from PDF title page (Digitalia, viewed April 25, 2019)
650 #0 - SUBJECT ADDED ENTRY--TOPICAL TERM
Topical term or geographic name entry element Coach horses
Geographic subdivision Mexico
General subdivision History.
650 #0 - SUBJECT ADDED ENTRY--TOPICAL TERM
Topical term or geographic name entry element Carriages and carts
Geographic subdivision Mexico
General subdivision History.
651 #0 - SUBJECT ADDED ENTRY--GEOGRAPHIC NAME
Geographic name Mexico
General subdivision Social life and customs
-- History.
655 #0 - INDEX TERM--GENRE/FORM
Genre/form data or focus term Electronic books.
791 2# -
-- Digitalia (Firm),
-- distributor.
793 0# -
-- Digitalia eBook Collection:
-- Editorial CSIC
776 08 - ADDITIONAL PHYSICAL FORM ENTRY
Relationship information Print version:
Main entry heading Recio Mir, Álvaro.
Title Arte de la carrocería en Nueva España.
Place, publisher, and date of publication Madrid : Consejo Superior de Investigaciones Científicas ; Sevilla : Universidad de Sevilla : Diputación de Sevilla, 2018
International Standard Book Number 9788400103811
Record control number (OCoLC)1091895395
830 #0 - SERIES ADDED ENTRY--UNIFORM TITLE
Uniform title Colección Americana (Seville, Spain) ;
Volume/sequential designation núm. 65.
830 #0 - SERIES ADDED ENTRY--UNIFORM TITLE
Uniform title Nuestra América (Seville, Spain) ;
Volume/sequential designation no. 43.
856 40 - ELECTRONIC LOCATION AND ACCESS
Materials specified Digitalia Hispánica
Uniform Resource Identifier <a href="https://www.digitaliapublishing.com/a/56647/">https://www.digitaliapublishing.com/a/56647/</a>
910 ## - USER-OPTION DATA (OCLC)
User-option data Premium collection: 2019
942 ## - ADDED ENTRY ELEMENTS (KOHA)
Koha item type Recurso Electrónico
Existencias
Withdrawn status Lost status Damaged status Not for loan Collection Home library Current library Date acquired Total checkouts Date last seen Price effective from Koha item type
        Digitalia Ebooks Hispanica Biblioteca Digital UIN Biblioteca Digital UIN 04/25/2025   04/25/2025 04/25/2025 Recurso Electrónico

CONTACTO


NOSOTROS


SITIOS DE INTERES

coordinacion.biblioteca.biblioteca@unienlinea.mx Misión, Visión y Objetivos Bases de datos
Directorio Bibliotecas Digitales y Repositorios
Normatividad Revistas y artículos
Convenios interbibliotecarios
Boletines



Hecho en México. Universidad Insurgentes (UIN). Todos los derechos reservados 2024. Esta página y sus contenidos pueden ser reproducidos con fines no lucrativos, siempre y cuando no se mutile, se cite la fuente completa y su dirección electrónicas. De otra forma requiere permiso previo por escrito de la institución




2024 Copyright Universidad Insurgentes | www.bibliouin.com.mx